[Event "35th Zalakaros Open 2016"]
[Site "Zalakaros HUN"]
[Date "2016.06.01"]
[Round "6.33"]
[White "Dragnev, Valentin"]
[Black "Saravanan, V."]
[Result "1-0"]
[WhiteTitle "IM"]
[BlackTitle "IM"]
[WhiteElo "2423"]
[BlackElo "2272"]
[WhiteFideId "1634852"]
[BlackFideId "5000580"]
[EventDate "2016.05.27"]

1. e4 e5 2. Nf3 Nc6 3. Bb5 Nge7 4. c3 g6 5. d4 exd4 6. cxd4 d5 7. exd5 Nxd5 8.
O-O Bg7 9. Bg5 Qd6 10. Re1+ Be6 11. Nbd2 O-O 12. Ne4 Qb4 13. Bxc6 bxc6 14. Qc1
Rfe8 15. a3 Qb6 16. Nc5 Bf5 17. b4 Rxe1+ 18. Qxe1 h6 19. Bd2 Nf6 20. Qc1 Kh7 21.
Ne5 Ne4 22. g4 Be6 23. Nxe6 fxe6 24. Be3 Bxe5 25. dxe5 Qb5 26. Qd1 Qd5 27. Qxd5
exd5 28. Rc1 Rd8 29. Rxc6 d4 30. Rxc7+ Kg8 31. Bxh6 d3 32. e6 d2 33. Bxd2 Nxd2
34. Rd7 1-0

[Event "35th Zalakaros Open 2016"]
[Site "Zalakaros HUN"]
[Date "2016.06.01"]
[Round "6.34"]
[White "Szabo, Attila1"]
[Black "Nasuta, Grzegorz"]
[Result "1/2-1/2"]
[WhiteTitle "FM"]
[BlackTitle "IM"]
[WhiteElo "2315"]
[BlackElo "2413"]
[WhiteFideId "1206532"]
[BlackFideId "1141686"]
[EventDate "2016.05.27"]

1. d4 Nf6 2. Nf3 g6 3. g3 Bg7 4. Bg2 d5 5. O-O O-O 6. c4 dxc4 7. Na3 Nc6 8. Nxc4
Be6 9. b3 Bd5 10. Bb2 a5 11. a4 Qc8 12. e3 Rd8 13. Qe2 Ne4 14. Rfd1 Qe6 15. Rac1
h6 16. Nfd2 Ng5 17. Nf3 Ne4 18. Nfd2 Nxd2 19. Rxd2 Bxg2 1/2-1/2

[Event "35th Zalakaros Open 2016"]
[Site "Zalakaros HUN"]
[Date "2016.06.01"]
[Round "6.35"]
[White "Michelle Catherina, P"]
[Black "Karavade, Eesha"]
[Result "0-1"]
[WhiteTitle "WIM"]
[BlackTitle "IM"]
[WhiteElo "2179"]
[BlackElo "2409"]
[WhiteFideId "5005736"]
[BlackFideId "5012600"]
[EventDate "2016.05.27"]

1. b3 Nf6 2. Bb2 g6 3. f4 Bg7 4. Nf3 O-O 5. g3 b6 6. Bg2 Bb7 7. O-O c5 8. c4 Nc6
9. Nc3 d5 10. Nxd5 Nxd5 11. Bxg7 Kxg7 12. cxd5 Qxd5 13. Ne5 Qd6 14. Qc1 Nd4 15.
Rf2 Bxg2 16. Kxg2 f6 17. Nf3 Rad8 18. d3 Qc6 19. Qb2 Nxf3 20. Rxf3 Rd4 21. Kg1
Qe6 22. Qd2 a5 23. Qe3 Qd7 24. Rb1 Rc8 25. Qf2 Rc6 26. f5 g5 27. Rc1 a4 28. Re3
axb3 29. axb3 Rb4 30. Rb1 g4 31. Qg2 Rd6 32. Re4 Rdd4 33. Re6 Kf7 34. Qa8 Rd5
35. Qc6 Qxc6 36. Rxc6 Rxf5 37. Rc8 Ke6 38. Rh8 h5 39. Rd8 b5 40. Rc8 Kd7 41. Rh8
Kc7 42. e4 Rf3 43. Rxh5 Rxd3 44. Rc1 Rxe4 45. Rcxc5+ Kd6 46. Rxb5 Re2 47. Rbf5
Rxb3 48. Rf2 Rb1+ 49. Kg2 Rbb2 50. Rxe2 Rxe2+ 51. Kf1 Rd2 52. h3 gxh3 53. Rxh3
Ke5 54. Rh4 Kf5 55. Rf4+ Kg5 56. Ra4 e5 57. Rb4 f5 58. Ra4 e4 59. Ra8 Kg4 60.
Ke1 Rg2 61. Rg8+ Kf3 62. Rg5 Rg1+ 63. Kd2 e3+ 64. Kd3 Rd1+ 65. Kc2 e2 66. Rxf5+
Kxg3 0-1

[Event "35th Zalakaros Open 2016"]
[Site "Zalakaros HUN"]
[Date "2016.06.01"]
[Round "6.36"]
[White "Kulon, Klaudia"]
[Black "Nagy, Gabor1"]
[Result "1/2-1/2"]
[WhiteTitle "WGM"]
[BlackTitle "IM"]
[WhiteElo "2304"]
[BlackElo "2439"]
[WhiteFideId "1131044"]
[BlackFideId "737119"]
[EventDate "2016.05.27"]

1. e4 c5 2. Nf3 d6 3. d4 cxd4 4. Nxd4 Nf6 5. Nc3 Nc6 6. Bg5 Bd7 7. Be2 Rc8 8.
O-O Nxd4 9. Qxd4 Qa5 10. Bxf6 gxf6 11. Kh1 Qc5 12. Qd3 Bg7 13. f4 f5 14. e5 O-O
15. Nd5 Rfe8 16. c4 b5 17. Qg3 Kh8 18. b4 Qd4 19. Rad1 Qb2 20. Bh5 dxe5 21. Bxf7
Rf8 22. Bg6 exf4 23. Qh3 h6 24. Nxe7 Rc7 25. Bxf5 Be8 26. Nd5 Rxc4 27. Nxf4 Qc3
28. Rf3 Qd2 29. Rdf1 Rc1 30. Qg4 Rxf1+ 31. Rxf1 Qxa2 32. h4 Qc4 33. Re1 Bf7 34.
Kh2 Bf6 35. Bd3 Qc8 36. Qf3 Qa8 37. Be4 Qd8 38. Bb1 Re8 39. Rd1 Qc7 40. g3 Qc3
41. Bd3 Qe5 42. Rf1 Rf8 43. Bb1 Qb2+ 44. Kh1 Rd8 45. Qe4 Bg8 46. Qb7 Bg7 47.
Ng6+ Kh7 48. Ne7+ Kh8 49. Nxg8 Qe2 50. Qg2 Qxg2+ 51. Kxg2 Kxg8 52. Bf5 1/2-1/2

[Event "35th Zalakaros Open 2016"]
[Site "Zalakaros HUN"]
[Date "2016.06.01"]
[Round "6.37"]
[White "Kantor, Gergely"]
[Black "Tate, Alan"]
[Result "1-0"]
[WhiteTitle "IM"]
[BlackTitle "FM"]
[WhiteElo "2424"]
[BlackElo "2307"]
[WhiteFideId "751499"]
[BlackFideId "2401878"]
[EventDate "2016.05.27"]

1. d4 d5 2. c4 c6 3. Nc3 Nf6 4. e3 e6 5. Nf3 Nbd7 6. Qc2 Bd6 7. Bd3 dxc4 8. Bxc4
b5 9. Bd3 O-O 10. O-O Bb7 11. e4 e5 12. h3 exd4 13. Nxd4 Nc5 14. Rd1 Qc7 15. Bg5
Be5 16. Nf3 Rad8 17. Bxf6 gxf6 18. Nxe5 Qxe5 19. Rac1 Ne6 20. Ne2 c5 21. Bxb5
Bxe4 22. Qc3 Nd4 23. Ng3 Bg6 24. Bf1 f5 25. Re1 Qg7 26. Kh2 Ne6 27. Bc4 Nd4 28.
Qe3 Rd7 29. Qf4 Qf6 30. Ne4 Qb6 31. Nxc5 Rdd8 32. b3 Kg7 33. Qe5+ Kg8 34. Nd3
Nc6 35. Qc5 Qxc5 36. Nxc5 Rd2 37. Re2 Rfd8 38. Rce1 f4 39. Bb5 Nb4 40. a4 Bc2
41. Bc4 Kf8 42. Re7 Bg6 43. Rxa7 Rxf2 44. Nd7+ Kg7 45. Kg1 Rb2 46. Rf1 Nc6 47.
Rc7 Ne5 48. Nxe5 Rdd2 49. Rxf4 Rxg2+ 50. Kf1 Rh2 51. Rcxf7+ Bxf7 52. Rxf7+ Kh8
53. Rf8+ 1-0

[Event "35th Zalakaros Open 2016"]
[Site "Zalakaros HUN"]
[Date "2016.06.01"]
[Round "6.39"]
[White "Fogarasi, Tibor"]
[Black "Warakomska, Anna"]
[Result "1/2-1/2"]
[WhiteTitle "GM"]
[BlackTitle "WIM"]
[WhiteElo "2372"]
[BlackElo "2298"]
[WhiteFideId "700363"]
[BlackFideId "1130790"]
[EventDate "2016.05.27"]

1. e4 e5 2. Nf3 Nc6 3. Bb5 a6 4. Ba4 Nf6 5. d3 d6 6. c3 g6 7. Nbd2 Bg7 8. Nf1
O-O 9. Bg5 h6 10. Bh4 Ne7 11. Bb3 b5 12. Ne3 Qd7 13. O-O Bb7 14. Re1 Nh5 15. a4
Nf4 16. Bxe7 Qxe7 17. g3 Ne6 18. Nd5 Qd8 19. d4 exd4 20. cxd4 c5 21. dxc5 dxc5
22. Qd2 c4 23. Bc2 Nc5 24. Rad1 Nxa4 25. Bxa4 bxa4 26. Qb4 Bxd5 27. exd5 Rb8 28.
Qxc4 Rxb2 29. Qxa4 Qd6 30. Qe4 1/2-1/2

[Event "35th Zalakaros Open 2016"]
[Site "Zalakaros HUN"]
[Date "2016.06.01"]
[Round "6.40"]
[White "Skawinski, Arkadiusz"]
[Black "Piasetski, Leon"]
[Result "0-1"]
[WhiteTitle "FM"]
[BlackTitle "IM"]
[WhiteElo "2367"]
[BlackElo "2292"]
[WhiteFideId "1126415"]
[BlackFideId "2600072"]
[EventDate "2016.05.27"]

1. e4 g6 2. d4 Bg7 3. Nc3 d6 4. f4 Nf6 5. Nf3 O-O 6. e5 dxe5 7. fxe5 Nd5 8. Bc4
Be6 9. Qe2 Nxc3 10. bxc3 Bxc4 11. Qxc4 Nc6 12. O-O Na5 13. Qb4 b6 14. Ba3 e6 15.
Qb5 c5 16. c4 a6 17. Qa4 Qe8 18. Qxe8 Rfxe8 19. dxc5 Nxc4 20. Bb4 Nxe5 21. cxb6
Nxf3+ 22. gxf3 Bxa1 23. Rxa1 Rab8 24. Bc5 Rec8 25. Be3 Rxc2 26. a4 a5 27. Rb1
Rc4 28. Bd2 Rxa4 29. Be1 Rb4 0-1

[Event "35th Zalakaros Open 2016"]
[Site "Zalakaros HUN"]
[Date "2016.06.01"]
[Round "6.41"]
[White "Tarhon, Brian"]
[Black "Dolana, Andrei-Theodor"]
[Result "1-0"]
[WhiteTitle "FM"]
[BlackTitle "FM"]
[WhiteElo "2285"]
[BlackElo "2354"]
[WhiteFideId "423190"]
[BlackFideId "1219804"]
[EventDate "2016.05.27"]

1. e4 c5 2. Nf3 e6 3. d4 cxd4 4. Nxd4 Nc6 5. Nc3 Qc7 6. Be2 Nf6 7. O-O a6 8. Be3
Be7 9. f4 d6 10. Bf3 O-O 11. Qd2 Nxd4 12. Bxd4 e5 13. Be3 exf4 14. Bxf4 Qb6+ 15.
Be3 Qxb2 16. a3 1-0

[Event "35th Zalakaros Open 2016"]
[Site "Zalakaros HUN"]
[Date "2016.06.01"]
[Round "6.42"]
[White "Blazeka, Matej"]
[Black "Hristodoulou, Panagiotis"]
[Result "1/2-1/2"]
[WhiteTitle "FM"]
[BlackTitle "FM"]
[WhiteElo "2341"]
[BlackElo "2245"]
[WhiteFideId "14515741"]
[BlackFideId "4214340"]
[EventDate "2016.05.27"]

1. d4 d5 2. Nf3 Nf6 3. e3 Bg4 4. c4 c6 5. Nc3 e6 6. Bd3 Nbd7 7. O-O Be7 8. b3
O-O 9. Bb2 a5 10. e4 dxe4 11. Nxe4 Nxe4 12. Bxe4 Nf6 13. Bc2 Qc7 14. Qe2 Bd6 15.
h3 Bh5 16. g4 Bg6 17. Bxg6 hxg6 18. Ne5 c5 19. Rad1 Rad8 20. Rd3 cxd4 21. Bxd4
Nd7 22. Nxd7 Rxd7 23. Rfd1 Rfd8 24. Be3 Bh2+ 25. Kg2 Rxd3 26. Rxd3 Rxd3 27. Qxd3
Be5 28. Bd2 1/2-1/2

[Event "35th Zalakaros Open 2016"]
[Site "Zalakaros HUN"]
[Date "2016.06.01"]
[Round "6.43"]
[White "Plichta, Kamil"]
[Black "Skuhala, Jernej"]
[Result "1/2-1/2"]
[WhiteTitle "FM"]
[WhiteElo "2336"]
[BlackElo "2142"]
[WhiteFideId "1141830"]
[BlackFideId "14605651"]
[EventDate "2016.05.27"]

1. e4 c5 2. b3 d6 3. Bb2 Nf6 4. Nc3 Nc6 5. Bb5 Bg4 6. Nge2 Rc8 7. h3 Bd7 8. d4
cxd4 9. Nxd4 g6 10. O-O Bg7 11. Nd5 Nxd4 12. Nxf6+ Bxf6 13. Bxd7+ Qxd7 14. Bxd4
Bxd4 15. Qxd4 O-O 16. c4 b6 17. Rad1 Rfd8 18. f4 Qc6 19. Rf3 Qc5 20. Rfd3 Re8
21. Kh2 Qa5 22. f5 b5 23. cxb5 Qxa2 24. Ra1 Qe2 25. Rxa7 Rc2 26. Rg3 Qf1 27. Ra1
Qxb5 28. h4 Qe2 29. fxg6 hxg6 30. Ra5 Rc5 31. Rxc5 dxc5 32. Qd5 Qa6 33. Qxc5 Qe6
34. Qd5 Qxd5 35. exd5 Rb8 36. Rd3 Rb4 37. g3 Kg7 38. Kg2 f5 39. Kf3 Kf7 40. Ke3
Rg4 41. Kf3 Rb4 42. Ke3 Rg4 43. Kd2 Kf6 44. Kc3 Ke5 45. b4 f4 46. gxf4+ Rxf4 47.
b5 Rxh4 48. b6 Kd6 49. Rd1 Kc5 50. Re1 Rh3+ 51. Kc2 Kxb6 52. Rxe7 Kc5 53. Re6
Kxd5 54. Rxg6 1/2-1/2

[Event "35th Zalakaros Open 2016"]
[Site "Zalakaros HUN"]
[Date "2016.06.01"]
[Round "6.44"]
[White "Gyurkovics, Bence Dr."]
[Black "Tesik, Csaba"]
[Result "0-1"]
[BlackTitle "FM"]
[WhiteElo "2233"]
[BlackElo "2333"]
[WhiteFideId "731927"]
[BlackFideId "735582"]
[EventDate "2016.05.27"]

1. d4 Nf6 2. c4 g6 3. Nc3 Bg7 4. Nf3 O-O 5. e4 d6 6. Be2 c6 7. O-O a6 8. h3 b5
9. a3 Nbd7 10. e5 Ne8 11. Bf4 dxe5 12. dxe5 Nc7 13. Rc1 Ne6 14. Bg3 Qb6 15. b4
Qb8 16. Re1 Rd8 17. Qb3 Nxe5 18. Nxe5 Bxe5 19. Bxe5 Qxe5 20. cxb5 Nd4 21. Qa4
cxb5 22. Bxb5 Qg5 23. Bc6 Bxh3 24. Kh1 Rac8 25. Bb7 Rc7 26. Qxa6 Be6 27. Be4 Qd2
28. Qb6 Rdd7 29. Red1 Qxf2 30. Nb5 Rxc1 31. Rxc1 Qh4+ 32. Kg1 Ne2+ 0-1

[Event "35th Zalakaros Open 2016"]
[Site "Zalakaros HUN"]
[Date "2016.06.01"]
[Round "6.45"]
[White "Loos, Roland"]
[Black "Paszewski, Mateusz"]
[Result "1/2-1/2"]
[WhiteElo "2316"]
[BlackElo "2218"]
[WhiteFideId "4643232"]
[BlackFideId "1141058"]
[EventDate "2016.05.27"]

1. d4 d5 2. c4 c6 3. Nf3 Nf6 4. Nc3 e6 5. Bg5 dxc4 6. e4 b5 7. e5 h6 8. Bh4 g5
9. Nxg5 hxg5 10. Bxg5 Nbd7 11. g3 Bb7 12. Bg2 Qb6 13. exf6 c5 14. d5 O-O-O 15.
O-O b4 16. Na4 Qb5 17. a3 Nb8 18. axb4 cxb4 19. Qe2 Bxd5 20. Bxd5 Rxd5 21. Be3
Nc6 22. Rfc1 Ne5 23. Bxa7 Kb7 24. Nb6 c3 25. Qxb5 Rxb5 26. bxc3 Bc5 27. cxb4
Bxb6 28. Bxb6 Kxb6 29. Ra5 Nc6 30. Rxb5+ Kxb5 31. Rc5+ Kb6 32. Rc4 Rh6 33. f4
Rxf6 34. g4 Ne7 35. Kg2 Nd5 36. Kg3 Kb5 37. Re4 Nxb4 38. h4 Nd5 39. g5 Rf5 40.
h5 Kc5 41. Ra4 Nxf4 42. Rxf4 Rxg5+ 43. Kh4 Rg1 44. Rxf7 e5 45. h6 e4 46. h7 e3
47. Re7 Rh1+ 48. Kg5 Kd4 1/2-1/2

[Event "35th Zalakaros Open 2016"]
[Site "Zalakaros HUN"]
[Date "2016.06.01"]
[Round "6.46"]
[White "Hardicsay, Peter"]
[Black "Del Rey, Diego"]
[Result "1/2-1/2"]
[WhiteTitle "IM"]
[BlackTitle "IM"]
[WhiteElo "2245"]
[BlackElo "2388"]
[WhiteFideId "700622"]
[BlackFideId "102164"]
[EventDate "2016.05.27"]

1. d4 d5 2. c4 c6 3. Nf3 Nf6 4. cxd5 cxd5 5. Nc3 Nc6 6. Bf4 a6 7. e3 Bg4 8. Be2
e6 9. h3 Bxf3 10. Bxf3 Bd6 11. Bxd6 Qxd6 12. O-O O-O 13. Rc1 Rac8 14. Qd2 b5 15.
Rfd1 h6 16. Ne2 Nd7 17. Nf4 Nb6 18. b3 Nb4 19. a3 Nc6 20. Qb2 Na5 21. Nd3 Nb7
22. Be2 Nd7 1/2-1/2

[Event "35th Zalakaros Open 2016"]
[Site "Zalakaros HUN"]
[Date "2016.06.01"]
[Round "6.47"]
[White "Boguszlavszkij, Jevgenyij"]
[Black "Paschall, William M."]
[Result "0-1"]
[WhiteTitle "IM"]
[BlackTitle "IM"]
[WhiteElo "2212"]
[BlackElo "2377"]
[WhiteFideId "700614"]
[BlackFideId "2005379"]
[EventDate "2016.05.27"]

1. e4 c5 2. Nc3 Nc6 3. Nge2 g6 4. d4 cxd4 5. Nxd4 Bg7 6. Nde2 d6 7. g3 Nf6 8.
Bg2 O-O 9. O-O Rb8 10. a4 a6 11. Nd5 e6 12. Nxf6+ Bxf6 13. c3 Qc7 14. Be3 b6 15.
Qc2 Bb7 16. Rad1 Bg7 17. f4 Rfe8 18. Bf2 b5 19. axb5 axb5 20. Qd3 Na5 21. Nd4
Bc6 22. Nxc6 Qxc6 23. f5 Be5 24. Bd4 Nc4 25. f6 Kh8 26. Bxe5 dxe5 27. Qd7 Qb6+
28. Kh1 Kg8 29. Qd3 Ne3 30. Rde1 Nxf1 31. Rxf1 h6 32. h4 Red8 33. Qf3 Rd2 34. b3
Rbd8 35. Bh3 R8d3 36. Qg4 Qe3 37. Rg1 h5 38. Qg5 Qxe4+ 39. Bg2 Qe3 40. Ra1 Rd1+
41. Rxd1 Rxd1+ 42. Kh2 Qxg5 0-1

[Event "35th Zalakaros Open 2016"]
[Site "Zalakaros HUN"]
[Date "2016.06.01"]
[Round "6.48"]
[White "Goczo, Melinda"]
[Black "Marosi, Levente"]
[Result "0-1"]
[WhiteTitle "WIM"]
[BlackTitle "FM"]
[WhiteElo "2175"]
[BlackElo "2318"]
[WhiteFideId "711985"]
[BlackFideId "747181"]
[EventDate "2016.05.27"]

1. d4 Nf6 2. c4 g6 3. Nf3 Bg7 4. Nc3 O-O 5. Bg5 d6 6. e3 h6 7. Bh4 c5 8. Be2 g5
9. Bg3 Nh5 10. dxc5 Nxg3 11. hxg3 dxc5 12. Qc2 e6 13. Rd1 Qe7 14. Ne4 f5 15. Nd6
Bd7 16. Nxb7 Na6 17. a3 Rab8 18. Na5 Rxb2 19. Qd3 Ba4 20. O-O Qc7 21. Qd6 Qxa5
22. Qxe6+ Kh7 23. Rd6 Rf6 24. Rxa6 Qxa6 0-1

[Event "35th Zalakaros Open 2016"]
[Site "Zalakaros HUN"]
[Date "2016.06.01"]
[Round "6.49"]
[White "Gorcsi, Gabor"]
[Black "Rigo, Janos"]
[Result "1-0"]
[WhiteTitle "FM"]
[BlackTitle "IM"]
[WhiteElo "2304"]
[BlackElo "2238"]
[WhiteFideId "763411"]
[BlackFideId "700371"]
[EventDate "2016.05.27"]

1. e4 c5 2. Nc3 Nc6 3. f4 g6 4. Nf3 Bg7 5. Bc4 a6 6. a4 e6 7. f5 Nge7 8. fxe6
fxe6 9. O-O O-O 10. d3 d5 11. Ba2 b5 12. exd5 b4 13. dxc6 bxc3 14. bxc3 Bxc3 15.
Rb1 Nd5 16. Qe2 Qd6 17. Bxd5 Qxd5 18. Qe4 Ra7 19. Be3 Qxe4 20. dxe4 Rc7 21. Bxc5
Re8 22. Rb3 Bg7 23. Rb6 Rd8 24. e5 Bh6 25. Kf2 Bf4 26. g3 Rd5 27. Bd6 Rxd6 28.
exd6 Bxd6 29. Ke2 Bc5 30. Rb8 Rxc6 31. Ne5 Rc7 32. Rf7 1-0

[Event "35th Zalakaros Open 2016"]
[Site "Zalakaros HUN"]
[Date "2016.06.01"]
[Round "6.50"]
[White "Nemec, Vjekoslav"]
[Black "Krstulovic, Alex"]
[Result "1/2-1/2"]
[BlackTitle "FM"]
[WhiteElo "2175"]
[BlackElo "2292"]
[WhiteFideId "14540274"]
[BlackFideId "760056"]
[EventDate "2016.05.27"]

1. e4 c5 2. Nf3 d6 3. d4 cxd4 4. Nxd4 Nf6 5. f3 e5 6. Nb3 Be6 7. c4 Be7 8. Be3
O-O 9. Nc3 Nh5 10. Be2 Nf4 11. O-O Nd7 12. Rc1 Bg5 13. Qd2 Nb6 14. Na5 Rc8 15.
Nxb7 Qf6 16. b3 Qe7 17. Na5 Rc5 18. b4 Nxe2+ 19. Nxe2 Bxe3+ 20. Qxe3 Nxc4 21.
Qd3 Nb2 22. Qd2 Nc4 23. Qd3 1/2-1/2

[Event "35th Zalakaros Open 2016"]
[Site "Zalakaros HUN"]
[Date "2016.06.01"]
[Round "6.51"]
[White "Horvath, Dominik"]
[Black "Szalanczy, Emil"]
[Result "1/2-1/2"]
[BlackTitle "IM"]
[WhiteElo "2286"]
[BlackElo "2218"]
[WhiteFideId "1642561"]
[BlackFideId "700347"]
[EventDate "2016.05.27"]

1. Nf3 c5 2. c4 Nf6 3. Nc3 Nc6 4. g3 g6 5. Bg2 Bg7 6. d4 cxd4 7. Nxd4 O-O 8. O-O
Ng4 9. e3 d6 10. b3 Bd7 11. Bb2 Nxd4 12. exd4 Rb8 13. Qd2 a6 14. Rfe1 Re8 15.
Rad1 Nf6 16. c5 Bg4 17. f3 Bd7 18. cxd6 exd6 19. Rxe8+ Bxe8 20. f4 d5 21. Ne2
Bd7 22. Nc1 Bf5 23. Nd3 Rc8 24. Rc1 Rxc1+ 25. Bxc1 Ne4 26. Qe3 Qa5 27. a3 Qc3
28. Ne5 Qc2 29. h3 h5 30. Kh2 Nf6 31. Bd2 Bf8 32. b4 Bd6 33. Qc3 Qa2 34. Nd3 Ne4
35. Bxe4 Bxe4 36. Nc1 Qb1 37. Qb3 Qa1 38. Qc3 Qxc3 39. Bxc3 h4 40. Nb3 b6 41.
Nd2 Kf8 42. Nf1 Ke8 43. Bd2 hxg3+ 44. Kxg3 Kd7 45. Ne3 g5 46. Ng4 Ke6 47. h4
gxh4+ 48. Kxh4 f6 49. Nh6 Bc2 50. Ng4 Bb3 51. Nh6 Bc2 52. Kg4 Bf8 53. f5+ Kd7
54. Ng8 Bg7 55. Bh6 Bh8 56. Bf4 Be4 57. Nh6 Bg7 58. Nf7 Bf8 59. Bh6 Be7 60. Nh8
Kc6 61. Ng6 Bd8 62. Bf8 Kd7 63. Nf4 Bc7 64. Nh5 Bd8 65. Bg7 a5 66. Bxf6 axb4 67.
axb4 Bc7 68. Be5 Bd8 69. f6 Ke6 70. Nf4+ Kf7 71. Kg5 Bf3 72. Nd3 Be4 73. Nf2 Bf3
74. Kf5 Be2 75. Nh1 Bd3+ 76. Kg5 Ke6 77. Ng3 Bc2 78. Nh5 Kf7 79. Ng7 Be4 80. b5
Bd3 81. Nf5 Ke6 82. Ng7+ Kf7 83. Nf5 Ke6 84. Ne3 Bxb5 85. Kg6 Be8+ 86. Kg7 b5
87. Ng2 Kf5 88. f7 Bxf7 89. Kxf7 b4 90. Ne3+ Ke4 91. Nc2 b3 92. Na3 Bg5 93. Ke6
Be3 94. Nb5 Bd2 95. Na3 b2 96. Bd6 Bc3 97. Nb1 Bxd4 98. Bb4 Bg7 99. Bc3 Bxc3
100. Nxc3+ Kd3 101. Nb1 Kc2 102. Na3+ Kb3 103. Nb1 d4 104. Kd5 Kc2 105. Na3+ Kd3
106. Nb1 Kc2 107. Na3+ Kb3 108. Nb1 d3 109. Kd4 Kc2 110. Na3+ Kd2 111. Nc4+ Kc2
112. Nxb2 d2 113. Ke3 1/2-1/2

[Event "35th Zalakaros Open 2016"]
[Site "Zalakaros HUN"]
[Date "2016.06.01"]
[Round "6.52"]
[White "Vegh, Endre"]
[Black "Laliena Solanes, Luis"]
[Result "0-1"]
[WhiteTitle "IM"]
[WhiteElo "2271"]
[BlackElo "2205"]
[WhiteFideId "700568"]
[BlackFideId "2212560"]
[EventDate "2016.05.27"]

1. d4 d5 2. c4 dxc4 3. e4 Nc6 4. Nf3 Bg4 5. d5 Ne5 6. Bf4 Ng6 7. Be3 e5 8. Bxc4
Nf6 9. Nc3 Nh4 10. O-O Nxf3+ 11. gxf3 Bh3 12. Qa4+ Nd7 13. Rfc1 Bd6 14. Bf1 Bxf1
15. Kxf1 a6 16. Qb3 O-O 17. Qxb7 Qh4 18. Qc6 Rad8 19. Ke2 f5 20. Rg1 Nf6 21. Bg5
Qh5 22. Bxf6 Rxf6 23. Rg3 Rdf8 24. Rag1 fxe4 25. Nxe4 Rxf3 26. Rxg7+ Kh8 27. Kd2
Qf5 28. Qc4 Rf4 29. Nxd6 cxd6 30. Qc7 Rxf2+ 31. Kc1 Qf4+ 32. Kb1 Qe4+ 33. Kc1
Qe3+ 34. Kb1 Qd3+ 0-1

[Event "35th Zalakaros Open 2016"]
[Site "Zalakaros HUN"]
[Date "2016.06.01"]
[Round "6.53"]
[White "Dankhazi, Andras"]
[Black "Laza, Szabolcs"]
[Result "1-0"]
[WhiteTitle "FM"]
[WhiteElo "2267"]
[BlackElo "2168"]
[WhiteFideId "714267"]
[BlackFideId "741345"]
[EventDate "2016.05.27"]

1. d4 d5 2. c4 c6 3. Nc3 Nf6 4. Nf3 e6 5. g3 Be7 6. Bg2 O-O 7. O-O b6 8. Nd2 Bb7
9. e4 dxe4 10. Ndxe4 Nbd7 11. Be3 Nxe4 12. Nxe4 Nf6 13. Qe2 Nxe4 14. Bxe4 Bf6
15. Rad1 Qe7 16. c5 Rfd8 17. b4 b5 18. Qf3 Rdc8 19. Bf4 g6 20. Be5 Bg7 21. Qc3
Bf8 22. Bc2 Qd8 23. h4 a5 24. a3 axb4 25. axb4 Qd5 26. Bb3 Ra3 27. Rd3 Qd7 28.
Qb2 Ra7 29. h5 Qe7 30. hxg6 fxg6 31. Re1 Qf7 32. Bb8 1-0

[Event "35th Zalakaros Open 2016"]
[Site "Zalakaros HUN"]
[Date "2016.06.01"]
[Round "6.54"]
[White "Damia, Angelo"]
[Black "Balint, Vilmos"]
[Result "0-1"]
[WhiteTitle "FM"]
[WhiteElo "2254"]
[BlackElo "2289"]
[WhiteFideId "812668"]
[BlackFideId "718050"]
[EventDate "2016.05.27"]

1. c4 Nf6 2. f4 e6 3. Nf3 b6 4. d3 d5 5. Ne5 Bb7 6. Qa4+ Nbd7 7. Nc3 Bd6 8. Nc6
Qc8 9. cxd5 Nc5 10. Qd4 exd5 11. Ne5 O-O 12. Nb5 Re8 13. Nxd6 cxd6 14. Nf3 Qf5
15. Kf2 Ne6 16. Qb4 Rac8 17. h3 Rc2 18. Ne1 Rxc1 19. Rxc1 Ne4+ 20. dxe4 Qxf4+
21. Nf3 Qxc1 22. exd5 Nc5 23. Nd2 Bxd5 24. Qd4 Bxa2 25. b4 Qxd2 26. Qxd2 Ne4+
27. Ke3 Nxd2+ 28. Kxd2 Re4 29. b5 Rb4 30. Kc2 0-1

[Event "35th Zalakaros Open 2016"]
[Site "Zalakaros HUN"]
[Date "2016.06.01"]
[Round "6.55"]
[White "Balokas, Dimitrios"]
[Black "Peczely, Sebastian Zsombor"]
[Result "1/2-1/2"]
[WhiteElo "2170"]
[BlackElo "2255"]
[WhiteFideId "4216920"]
[BlackFideId "750964"]
[EventDate "2016.05.27"]

1. d4 d5 2. c4 c6 3. Nf3 Nf6 4. Nc3 e6 5. e3 Nbd7 6. Qc2 Bd6 7. Bd3 O-O 8. O-O
dxc4 9. Bxc4 b5 10. Bd3 Bb7 11. a3 a5 12. Ng5 h6 13. Nge4 Nxe4 14. Nxe4 Be7 15.
Rd1 Qb6 16. Bd2 c5 17. dxc5 Nxc5 18. Nxc5 Bxc5 19. b4 axb4 20. Bxb4 Bxb4 21.
axb4 Rxa1 22. Rxa1 Rc8 23. Qb2 Qc6 24. Bf1 Qe4 25. Qd4 Qxd4 26. exd4 Rc2 27. f3
Rb2 28. Ra5 Rb1 29. Kf2 Bd5 30. Bd3 Rxb4 1/2-1/2

[Event "35th Zalakaros Open 2016"]
[Site "Zalakaros HUN"]
[Date "2016.06.02"]
[Round "7.1"]
[White "Efimenko, Zahar"]
[Black "Ivanisevic, Ivan"]
[Result "1/2-1/2"]
[WhiteTitle "GM"]
[BlackTitle "GM"]
[WhiteElo "2656"]
[BlackElo "2646"]
[WhiteFideId "14107201"]
[BlackFideId "912417"]
[EventDate "2016.05.27"]

1. e4 e5 2. Nf3 Nc6 3. Bb5 Bc5 4. O-O Nd4 5. Nxd4 Bxd4 6. c3 Bb6 7. d3 Ne7 8.
Nd2 c6 9. Ba4 Ng6 10. Qh5 d6 11. Nf3 h6 12. d4 Qf6 13. Be3 Nf4 14. dxe5 Nxh5 15.
exf6 Nxf6 16. Bxb6 axb6 17. Bb3 Nd7 18. a3 Nc5 19. Bc2 Ke7 20. Nd4 Re8 21. Rad1
Na4 22. Bxa4 Rxa4 23. f3 Ra5 24. Rfe1 Kd8 25. Re2 Kc7 26. Red2 d5 27. Nb3 Rb5
28. Nd4 Ra5 29. Nb3 Rb5 30. Nd4 Ra5 1/2-1/2

[Event "35th Zalakaros Open 2016"]
[Site "Zalakaros HUN"]
[Date "2016.06.02"]
[Round "7.2"]
[White "Horvath, Adam1"]
[Black "Rakhmanov, Aleksandr"]
[Result "0-1"]
[WhiteTitle "GM"]
[BlackTitle "GM"]
[WhiteElo "2515"]
[BlackElo "2654"]
[WhiteFideId "708003"]
[BlackFideId "4173708"]
[EventDate "2016.05.27"]

1. e4 d5 2. exd5 Qxd5 3. Nc3 Qd6 4. d4 Nf6 5. Nf3 g6 6. Nb5 Qb6 7. Na3 c6 8. Nc4
Qc7 9. g3 Be6 10. Qe2 Bg7 11. Bg2 O-O 12. O-O Nbd7 13. Bf4 Bxc4 14. Qxc4 Qb6 15.
a4 a5 16. Rad1 Nd5 17. Bd2 Qxb2 18. Rb1 N7b6 19. Qc5 Nxa4 20. Rxb2 Nxc5 21. c4
Nc7 22. Rbb1 a4 23. dxc5 a3 24. Ra1 a2 25. Be3 Rfd8 26. Rfc1 Bb2 27. Re1 Ra3 28.
Kf1 Na6 29. Ke2 Nb4 0-1